Memoria

Αποθηκεύτηκε σε:
Λεπτομέρειες βιβλιογραφικής εγγραφής
Μορφή: Κείμενο
Έκδοση: Managua: ARCN
Ετικέτες: Προσθήκη ετικέτας
Δεν υπάρχουν, Καταχωρήστε ετικέτα πρώτοι!

MARC

LEADER 00000 a a2200000 04500
001 24428
003
040
090 |a 175200  
245 |a Memoria  
260 |a Managua:   |b ARCN  
300 |a 54 p.  
999 |c 16870  |d 16870